000 00809nam a2200205 a 4500
003 0
005 20250621103248.0
008 021022s19uu xx 00 eng d
050 _aPGS U 408.5.P6
_b.C652 1998
100 _aCo, Shunjin Dale D.
245 _aThe reactions of the fourth year students of Southville International School toward the CAT.
_cCo, Shunjin Dale D.
260 _aLas PiƱas City, Philippines :
_bSouthville International School and Colleges,
_c1998.
300 _a31 pages :
_billustrations ;
_c28 cm.
504 _aIncludes bibliographical references.
650 _aCitizens military training
_zPhilippines.
650 _aHigh school student
_zPhilippines
_vAttitudes.
650 _aMilitary education
_zPhilippines.
650 _aCivic education
_zPhilippines.
942 _2lcc
_cPASS
999 _c96120
_d96120